Se maai, laat waai : lewenslesse (Record no. 215288)

MARC details
000 -LEADER
fixed length control field 00285nam a2200097Ia 4500
082 ## - DEWEY DECIMAL CLASSIFICATION NUMBER
Classification number 338.04092 BRAN
008 - FIXED-LENGTH DATA ELEMENTS--GENERAL INFORMATION
fixed length control field 210817s9999 xx 000 0 und d
100 ## - MAIN ENTRY--PERSONAL NAME
Personal name Branson, Richard Roggebaai [Suid-Afrika], 2009
9 (RLIN) 66963
245 #0 - TITLE STATEMENT
Title Se maai, laat waai : lewenslesse
942 ## - ADDED ENTRY ELEMENTS
item type Books
Holdings
Withdrawn status Lost status Damaged status Not for loan Home library Current library Date acquired Cost, normal purchase price Total Checkouts Barcode Date last seen Price effective from item type
        Bethal Bethal 18.08.2021 158.65   33228020787634 18.08.2021 18.08.2021 Books